Adaptive approximation based control : unifying neural, fuzzy and traditional adaptive approximation approaches /

Bibliographic Details
Main Author: Farrell, Jay
Corporate Author: John Wiley & Sons
Other Authors: Polycarpou, Marios
Format: eBook
Language:English
Published: Hoboken, N.J. : Wiley, [2006]
Subjects:
Online Access:Connect to the full text of this electronic book

MARC

Tag First Indicator Second Indicator Subfields
LEADER 00000cam a2200000Ma 4500
001 in00002402421
005 20210810091125.0
006 m | d |
007 cr cn||||||||||||||||||
008 061003s2006 nju sb 001 0 eng d
020 |a 0471727881 (cloth) 
020 |a 0471781819 (electronic bk.) 
020 |a 9780471727880 (cloth) 
020 |a 9780471781813 (electronic bk.) 
029 0 |a DG1  |b jws02620686 
035 |a (OCoLC)85820975 
035 |a (OCoLC)ocm85820975 
040 |a DG1  |c DG1  |d BAKER  |d OKU  |d BTCTA  |d UtOrBLW 
049 |a TEFA 
050 0 0 |a TJ217  |b .F37 2006 
082 0 4 |a 629.8/36  |2 22 
100 1 |a Farrell, Jay.  |0 http://id.loc.gov/authorities/names/n98077177 
245 1 0 |a Adaptive approximation based control :  |b unifying neural, fuzzy and traditional adaptive approximation approaches /  |c Jay A. Farrell, Marios M. Polycarpou. 
264 1 |a Hoboken, N.J. :  |b Wiley,  |c [2006] 
264 4 |c ©2006 
300 |a xvi, 422 pages ;  |c cm. 
336 |a text  |b txt  |2 rdacontent 
337 |a computer  |b c  |2 rdamedia 
338 |a online resource  |b cr  |2 rdacarrier 
500 |a Electronic resource. 
504 |a Includes bibliographical references and index. 
533 |a Electronic reproduction.  |b Somerset, New Jersey :  |c Wiley InterScience,  |d 2006.  |n System requirements: Adobe Acrobat Reader.  |n Mode of access: World Wide Web.  |n Access limited to subscribers.  |7 s2006 njun s 
650 0 |a Adaptive control systems.  |0 http://id.loc.gov/authorities/subjects/sh85000803 
650 0 |a Feedback control systems.  |0 http://id.loc.gov/authorities/subjects/sh85047649 
655 0 |a Electronic books. 
700 1 |a Polycarpou, Marios.  |0 http://id.loc.gov/authorities/names/no2001041470 
710 2 |a John Wiley & Sons.  |0 http://id.loc.gov/authorities/names/n80083764 
776 1 |c Original  |z 0471727881  |w (DLC) 2005021385  |w (OCoLC)61169767 
856 4 0 |u http://proxy.library.tamu.edu/login?url=https://dx.doi.org/10.1002/0471781819  |z Connect to the full text of this electronic book  |t 0 
938 |a Baker & Taylor  |b BKTY  |c 95.50  |d 95.50  |i 0471781819  |n 0007317940  |s active 
938 |a Baker and Taylor  |b BTCP  |n BK0007317940 
938 |a Wiley Subscription Services  |b WILY  |n jws02620686 
994 |a C0  |b TEF 
999 |a MARS 
999 f f |s 9abc5bfb-d93b-3005-8ba4-23e79e029e6f  |i 2ccf4364-b823-3d5d-b461-b0aae7649746  |t 0 
952 f f |a Texas A&M University  |b College Station  |c Electronic Resources  |d Available Online  |t 0  |e TJ217 .F37 2006  |h Library of Congress classification 
998 f f |a TJ217 .F37 2006  |t 0  |l Available Online